[Event "Titled Tuesday intern op 10th Sep Early"]
[Site "Chess,com INT"]
[Date "2024.09.10"]
[Round "9"]
[White "Sericano, Claudio"]
[Black "Nimay, Agrawal"]
[Result "0-1"]
[WhiteElo "2260"]
[BlackElo "1960"]
[PlyCount "46"]
[EventDate "2024.09.10"]
[EventType "swiss (blitz)"]
[EventRounds "11"]
[EventCountry "USA"]
[SourceTitle "EXT 2025"]
[Source "ChessBase"]
[SourceDate "2024.10.14"]
[SourceVersion "1"]
[SourceVersionDate "2024.10.14"]
[SourceQuality "1"]

1. e4 c5 2. Nf3 g6 3. d4 cxd4 4. Qxd4 Nf6 5. Nc3 Nc6 6. Qa4 d6 7. e5 dxe5 8. Nxe5 Bd7 9. Bb5 Nxe5 10. 0-0 Bxb5 11. Nxb5 Nc6 12. Bf4 Rc8 13. Rad1 Qb6 14. Rfe1 e6 15. Be5 Be7 16. Bxf6 Bxf6 17. Nd6+ Ke7 18. Qa3 Qb4 19. Nxc8+ Rxc8 20. Qg3 Bxb2 21. Re4 Qxe4 22. Qd6+ Kf6 23. Qd7 Rd8 0-1

[Event "Titled Tuesday intern op 27th Aug Late"]
[Site "Chess.com INT"]
[Date "2024.08.27"]
[Round "9"]
[White "Kepeshchuk, Mykhaylo"]
[Black "Sericano, Claudio"]
[Result "1-0"]
[WhiteElo "2269"]
[BlackElo "2260"]
[PlyCount "41"]
[EventDate "2024.08.27"]
[EventType "swiss (blitz)"]
[EventRounds "11"]
[EventCountry "USA"]
[SourceTitle "EXT 2025"]
[Source "ChessBase"]
[SourceDate "2024.10.14"]
[SourceVersion "1"]
[SourceVersionDate "2024.10.14"]
[SourceQuality "1"]

1. d4 d5 2. c4 e6 3. Nf3 Nf6 4. g3 dxc4 5. Bg2 c6 6. 0-0 b5 7. Nc3 Bb7 8. e4 Be7 9. a4 b4 10. e5 bxc3 11. exf6 Bxf6 12. bxc3 c5 13. Ba3 cxd4 14. Rb1 Be4 15. Nxd4 Bxg2 16. Kxg2 Be7 17. Qf3 Qd5 18. Qxd5 exd5 19. Rfe1 0-0 20. Rxe7 Rd8 21. Rbb7 1-0

[Event "Titled Tuesday intern op 27th Aug Late"]
[Site "Chess.com INT"]
[Date "2024.08.27"]
[Round "2"]
[White "Rogov, Matfey"]
[Black "Sericano, Claudio"]
[Result "1-0"]
[WhiteElo "2188"]
[BlackElo "2260"]
[PlyCount "43"]
[EventDate "2024.08.27"]
[EventType "swiss (blitz)"]
[EventRounds "11"]
[EventCountry "USA"]
[SourceTitle "EXT 2025"]
[Source "ChessBase"]
[SourceDate "2024.10.14"]
[SourceVersion "1"]
[SourceVersionDate "2024.10.14"]
[SourceQuality "1"]

1. e4 e5 2. Nf3 Nc6 3. Bc4 Nf6 4. d4 exd4 5. 0-0 Nxe4 6. Nc3 dxc3 7. Bxf7+ Kxf7 8. Qd5+ Ke8 9. Re1 Ne7 10. Rxe4 c6 11. Qd6 a5 12. Bg5 cxb2 13. Rae1 b1Q 14. Rxb1 Ra6 15. Rbe1 c5 16. Rxe7+ Bxe7 17. Rxe7+ Kf8 18. Qe5 Rg6 19. Qf5+ Rf6 20. Bxf6 gxf6 21. Qxf6+ Kg8 22. Qf7# 1-0

[Event "Abu Dhabi Masters Online"]
[Site "Chess.com INT"]
[Date "2024.08.21"]
[Round "9"]
[White "Bodnaruk, Anastasia"]
[Black "Sericano, Claudio"]
[Result "1-0"]
[WhiteElo "2333"]
[BlackElo "2260"]
[PlyCount "89"]
[EventDate "2024.08.21"]
[EventType "swiss (blitz)"]
[EventRounds "11"]
[EventCountry "UAE"]
[SourceTitle "CBM 221 Extra"]
[Source "ChessBase"]
[SourceDate "2024.09.30"]
[SourceVersion "1"]
[SourceVersionDate "2024.09.30"]
[SourceQuality "1"]

1. e4 e5 2. Nf3 Nc6 3. Bb5 a6 4. Ba4 Nf6 5. 0-0 d6 6. Re1 Bd7 7. c3 g6 8. d4 Bg7 9. Nbd2 0-0 10. Nf1 exd4 11. c4 Bg4 12. Bxc6 bxc6 13. Qxd4 Bxf3 14. gxf3 Nh5 15. Qd1 Be5 16. Ng3 Qh4 17. Rb1 Nf4 18. Bxf4 Qxf4 19. Re3 h5 20. Nf1 h4 21. Rd3 f5 22. Qe2 Rae8 23. Qe3 fxe4 24. fxe4 Qg4+ 25. Kh1 Bf4 26. Qh3 Qxh3 27. Rxh3 Rxe4 28. Rxh4 Rxc4 29. Ne3 Ra4 30. Rg4 Rxa2 31. Ng2 Be5 32. Rxg6+ Kh7 33. Rg5 Rxf2 34. Rg1 Raxb2 35. Rh5+ Kg8 36. Nf4+ Bg7 37. Ne6 Rf7 38. Rhg5 a5 39. Nxg7 a4 40. Ne6+ Kh8 41. Rg8+ Kh7 42. R8g3 Rf6 43. Rh3+ Rh6 44. Nf8+ Kh8 45. Rxh6# 1-0

[Event "Abu Dhabi Masters Online"]
[Site "Chess.com INT"]
[Date "2024.08.21"]
[Round "5"]
[White "Sericano, Claudio"]
[Black "Viani, Antonio Dcunha"]
[Result "0-1"]
[WhiteElo "2260"]
[BlackElo "2378"]
[PlyCount "98"]
[EventDate "2024.08.21"]
[EventType "swiss (blitz)"]
[EventRounds "11"]
[EventCountry "UAE"]
[SourceTitle "CBM 221 Extra"]
[Source "ChessBase"]
[SourceDate "2024.09.30"]
[SourceVersion "1"]
[SourceVersionDate "2024.09.30"]
[SourceQuality "1"]

1. e4 e5 2. Nf3 Nc6 3. Bb5 a6 4. Ba4 Nf6 5. 0-0 Bc5 6. d3 b5 7. Bb3 d6 8. h3 0-0 9. c3 h6 10. a4 Bb7 11. Re1 Bb6 12. Nbd2 Na5 13. Bc2 c5 14. Nf1 b4 15. Ne3 Rb8 16. Bd2 bxc3 17. bxc3 c4 18. Nxc4 Nxc4 19. dxc4 Qc7 20. Bd3 a5 21. Nh4 Ba6 22. Nf5 Bxc4 23. Bxc4 Qxc4 24. Qf3 Ne8 25. Rab1 Qe6 26. Be3 Bc7 27. Rxb8 Bxb8 28. Bb6 Kh7 29. Bxa5 Ba7 30. Bb4 g6 31. Ne3 Nf6 32. Rd1 Rd8 33. Nd5 Nxd5 34. Rxd5 f5 35. exf5 gxf5 36. Qd3 e4 37. Rxd6 exd3 38. Rxe6 d2 39. Re7+ Kg8 40. Rxa7 d1Q+ 41. Kh2 Qf1 42. Bc5 f4 43. a5 Rd1 44. Ra8+ Kh7 45. Ra7+ Kg6 46. Ra6+ Kf5 47. g4+ fxg3+ 48. Kxg3 Rd3+ 49. Kh4 Qxh3# 0-1

[Event "Titled Tuesday intern op 20th Aug Early"]
[Site "Chess.com INT"]
[Date "2024.08.20"]
[Round "3"]
[White "Bhavik, Ahuja"]
[Black "Sericano, Claudio"]
[Result "0-1"]
[WhiteElo "2213"]
[BlackElo "2260"]
[PlyCount "78"]
[EventDate "2024.08.20"]
[EventType "swiss (blitz)"]
[EventRounds "11"]
[EventCountry "USA"]
[SourceTitle "EXT 2025"]
[Source "ChessBase"]
[SourceDate "2024.10.14"]
[SourceVersion "1"]
[SourceVersionDate "2024.10.14"]
[SourceQuality "1"]

1. e4 e5 2. Nf3 Nc6 3. Bc4 Nf6 4. d3 Bc5 5. c3 d6 6. Nbd2 0-0 7. Bb3 h6 8. Nf1 Be6 9. Bc2 d5 10. Qe2 a5 11. Ng3 dxe4 12. Nxe4 Nxe4 13. Qxe4 Bd5 14. Qe2 Qf6 15. Be3 Nd4 16. Bxd4 exd4 17. 0-0-0 dxc3 18. d4 cxb2+ 19. Kb1 Rfe8 20. Qb5 Bxf3 21. gxf3 Bxd4 22. Qd3 Bc3 23. Qh7+ Kf8 24. Rd7 g5 25. Rxc7 Rac8 26. Rxb7 Qxf3 27. Qxh6+ Bg7 28. Qd6+ Kg8 29. Rg1 Qxb7 30. h4 Qc7 31. Qd3 Qxc2+ 32. Qxc2 Rxc2 33. Kxc2 Re2+ 34. Kb1 gxh4 35. Rh1 Rxf2 36. a4 h3 37. Ka2 h2 38. Rb1 Rg2 39. Rf1 Rg1 0-1

[Event "Titled Tuesday intern op 20th Aug Late"]
[Site "Chess.com INT"]
[Date "2024.08.20"]
[Round "6"]
[White "Collins, Adam"]
[Black "Sericano, Claudio"]
[Result "1/2-1/2"]
[WhiteElo "2189"]
[BlackElo "2260"]
[PlyCount "147"]
[EventDate "2024.08.20"]
[EventType "swiss (blitz)"]
[EventRounds "11"]
[EventCountry "USA"]
[SourceTitle "EXT 2025"]
[Source "ChessBase"]
[SourceDate "2024.10.14"]
[SourceVersion "1"]
[SourceVersionDate "2024.10.14"]
[SourceQuality "1"]

1. e4 e5 2. Nf3 Nc6 3. Bb5 a6 4. Ba4 Nf6 5. 0-0 d6 6. Re1 Bd7 7. c3 g6 8. d3 Bg7 9. Nbd2 0-0 10. Nf1 Qe8 11. Ng3 h6 12. Bc2 Kh8 13. h3 Rd8 14. d4 Nh7 15. dxe5 dxe5 16. Qe2 f5 17. exf5 gxf5 18. Nh4 Ne7 19. Nh5 Ng6 20. Nxg6+ Qxg6 21. Nxg7 Qxg7 22. Qxe5 Qxe5 23. Rxe5 Rde8 24. Rxe8 Rxe8 25. Bxh6 Re2 26. Rc1 Nf6 27. Be3 Nd5 28. Bd4+ Kg8 29. c4 Nb4 30. Bb3 Be6 31. Kf1 Re4 32. Bc3 Nd3 33. Rd1 Nc5 34. Bc2 Bxc4+ 35. Kg1 Re2 36. Bxf5 Bxa2 37. Bg4 Rc2 38. Bf3 b5 39. Bd4 Na4 40. Be5 Nxb2 41. Rd8+ Kf7 42. Rd7+ Ke6 43. Rxc7 Rxc7 44. Bxc7 b4 45. h4 b3 46. h5 Nc4 47. h6 b2 48. Be4 b1Q+ 49. Bxb1 Bxb1 50. h7 Bxh7 51. f3 a5 52. Bxa5 Nxa5 53. Kf2 Kf5 54. Ke3 Nc4+ 55. Kd4 Ne5 56. Ke3 Bg8 57. Kf2 Kf4 58. g3+ Kf5 59. Ke3 Bd5 60. g4+ Kf6 61. g5+ Kf5 62. f4 Ng4+ 63. Kd4 Bf7 64. g6 Bxg6 65. Kd5 Kxf4 66. Kd6 Bf7 67. Kc5 Ke5 68. Kc6 Ne3 69. Kc5 Nd5 70. Kc4 Ne3+ 71. Kd3 Kf4 72. Kc3 Ke4 73. Kd2 Bh5 74. Kc3 1/2-1/2

[Event "Titled Tuesday intern op 20th Aug Late"]
[Site "Chess.com INT"]
[Date "2024.08.20"]
[Round "7"]
[White "Lemos, Dawton Almino"]
[Black "Sericano, Claudio"]
[Result "1-0"]
[WhiteElo "2169"]
[BlackElo "2260"]
[PlyCount "99"]
[EventDate "2024.08.20"]
[EventType "swiss (blitz)"]
[EventRounds "11"]
[EventCountry "USA"]
[SourceTitle "EXT 2025"]
[Source "ChessBase"]
[SourceDate "2024.10.14"]
[SourceVersion "1"]
[SourceVersionDate "2024.10.14"]
[SourceQuality "1"]

1. e4 e5 2. Nf3 Nc6 3. d4 exd4 4. Bc4 Nf6 5. e5 d5 6. Bb5 Nd7 7. 0-0 Be7 8. Re1 0-0 9. Nxd4 Nxd4 10. Qxd4 c6 11. Bf1 Re8 12. Nc3 Nf8 13. Qd3 g6 14. Qg3 Bf5 15. Bd3 Bxd3 16. Qxd3 Ne6 17. f4 Ng7 18. Be3 Nf5 19. Bf2 h5 20. g3 Qd7 21. Kg2 Kg7 22. h3 Bd8 23. Ne4 Bh4 24. gxh4 Rad8 25. Nf6 Qe6 26. Nxe8+ Rxe8 27. Rad1 d4 28. b3 c5 29. Qe4 b5 30. Rd3 Qa6 31. Qd5 Qxa2 32. Qxc5 a6 33. Re4 Qb1 34. Rexd4 Qc1 35. Re4 Re6 36. Re2 Ne7 37. Qe3 Qb1 38. c4 Nf5 39. Qd2 bxc4 40. bxc4 Rc6 41. c5 a5 42. Ra3 Qb5 43. Rxa5 Qc4 44. Ra3 Rc8 45. Rd3 Ra8 46. Qc3 Qxf4 47. e6+ Kh7 48. exf7 Ra1 49. Rf3 Qe4 50. Rxe4 1-0

[Event "Titled Tuesday intern op 20th Aug Late"]
[Site "Chess.com INT"]
[Date "2024.08.20"]
[Round "5"]
[White "Sericano, Claudio"]
[Black "Kaplan, Avi Harrison"]
[Result "0-1"]
[WhiteElo "2260"]
[BlackElo "2273"]
[PlyCount "164"]
[EventDate "2024.08.20"]
[EventType "swiss (blitz)"]
[EventRounds "11"]
[EventCountry "USA"]
[SourceTitle "EXT 2025"]
[Source "ChessBase"]
[SourceDate "2024.10.14"]
[SourceVersion "1"]
[SourceVersionDate "2024.10.14"]
[SourceQuality "1"]

1. e4 c6 2. Nf3 d5 3. exd5 cxd5 4. Ne5 Nf6 5. d4 Nc6 6. Bb5 Bd7 7. Nxd7 Qxd7 8. 0-0 e6 9. Re1 Bd6 10. c3 0-0 11. Nd2 a6 12. Bf1 b5 13. Nf3 Qc7 14. a3 Rab8 15. Bd3 a5 16. Bg5 Nd7 17. Qe2 h6 18. Bh4 b4 19. axb4 axb4 20. Rac1 bxc3 21. bxc3 Na5 22. Ne5 Nxe5 23. dxe5 Bc5 24. Qh5 Rb2 25. Rc2 Rfb8 26. Rxb2 Rxb2 27. Qg4 Bf8 28. Qg3 Rb3 29. Rc1 Kh8 30. Qe3 Rxc3 31. Rxc3 Qxc3 32. h3 Nc6 33. Bg3 Nb4 34. Be2 Qxe3 35. fxe3 Bc5 36. Kf2 Nc2 37. Bd3 Nxe3 38. Kf3 Nd1 39. Be1 Nb2 40. Bb5 Nc4 41. Bc3 Nb6 42. Bd3 g6 43. Bd2 Nd7 44. Bxh6 Nxe5+ 45. Ke2 Nxd3 46. Kxd3 Kh7 47. Bg5 Kg7 48. Bd2 Be7 49. Bc3+ Bf6 50. Bd2 Be5 51. Ke3 Kf6 52. Kf3 Bd6 53. g4 e5 54. h4 e4+ 55. Ke3 Bc5+ 56. Kf4 Ke6 57. Bc3 f6 58. Ba5 g5+ 59. hxg5 Bd6+ 60. Ke3 fxg5 61. Bd8 Bc5+ 62. Ke2 Be7 63. Bb6 Ke5 64. Ke3 Bd6 65. Bd4+ Ke6 66. Ke2 Be5 67. Be3 Bf6 68. Kd2 d4 69. Bg1 Ke5 70. Ke2 Kf4 71. Bh2+ Kxg4 72. Kf2 Kf5 73. Kf1 Be5 74. Ke1 Bxh2 75. Kf1 Bf4 76. Kg2 d3 77. Kf1 e3 78. Ke1 Ke4 79. Kd1 g4 80. Ke1 g3 81. Kf1 Kf3 82. Ke1 g2 0-1

[Event "Titled Tuesday intern op 20th Aug Early"]
[Site "Chess.com INT"]
[Date "2024.08.20"]
[Round "11"]
[White "Sericano, Claudio"]
[Black "Rom, Jasper B"]
[Result "0-1"]
[WhiteElo "2260"]
[BlackElo "2178"]
[PlyCount "118"]
[EventDate "2024.08.20"]
[EventType "swiss (blitz)"]
[EventRounds "11"]
[EventCountry "USA"]
[SourceTitle "EXT 2025"]
[Source "ChessBase"]
[SourceDate "2024.10.14"]
[SourceVersion "1"]
[SourceVersionDate "2024.10.14"]
[SourceQuality "1"]

1. e4 e6 2. d4 d5 3. Bd3 dxe4 4. Bxe4 Nf6 5. Bf3 Bd6 6. Ne2 Nbd7 7. 0-0 0-0 8. Bf4 e5 9. dxe5 Nxe5 10. Bxe5 Bxe5 11. Qxd8 Rxd8 12. c3 c6 13. Na3 Be6 14. Rfe1 Rd2 15. b3 Rad8 16. Nc4 Bxc4 17. bxc4 g5 18. h3 h5 19. g3 R2d3 20. Bg2 Bxc3 21. Nxc3 Rxc3 22. Rab1 Rd7 23. Re5 g4 24. hxg4 hxg4 25. Rf5 Kg7 26. Rg5+ Kh6 27. Rf5 Kg6 28. Rf4 Kg5 29. Re1 Rcd3 30. Re5+ Kg6 31. Be4+ Nxe4 32. Rexe4 f5 33. Re8 R3d4 34. Rxd4 Rxd4 35. Rg8+ Kf6 36. Rb8 Rxc4 37. Rxb7 Ra4 38. Rc7 Ra6 39. Kg2 Ke5 40. Rc8 Kd6 41. Rf8 Ra5 42. Rf7 a6 43. Rf6+ Kc7 44. Rf7+ Kb6 45. Rf6 Rd5 46. Rf8 c5 47. Kf1 Kb5 48. Ke2 Kc4 49. Ke3 Kc3 50. Kf4 c4 51. Rf6 a5 52. Rc6 Kd3 53. f3 gxf3 54. Kxf3 c3 55. Kf4 c2 56. g4 fxg4 57. Kxg4 Rd4+ 58. Kf5 Rc4 59. Rd6+ Kc3 0-1

[Event "Titled Tuesday intern op 16th Jul Early"]
[Site "Chess.com INT"]
[Date "2024.07.16"]
[Round "3"]
[White "Firman, Nazar"]
[Black "Sericano, Claudio"]
[Result "1-0"]
[WhiteElo "2472"]
[BlackElo "2260"]
[PlyCount "59"]
[EventDate "2024.07.16"]
[EventType "swiss (blitz)"]
[EventRounds "11"]
[EventCountry "USA"]
[SourceTitle "EXT 2025"]
[Source "ChessBase"]
[SourceDate "2024.10.14"]
[SourceVersion "1"]
[SourceVersionDate "2024.10.14"]
[SourceQuality "1"]

1. e4 c5 2. Nf3 d6 3. d4 cxd4 4. Nxd4 Nf6 5. Nc3 a6 6. h3 e5 7. Nde2 Be6 8. g4 d5 9. g5 Nxe4 10. Nxe4 dxe4 11. Qxd8+ Kxd8 12. Be3 Nc6 13. 0-0-0+ Kc7 14. Nc3 f5 15. gxf6 gxf6 16. Nxe4 Be7 17. Nc5 Bf5 18. Bg2 Rad8 19. c3 Bc8 20. Bf3 b6 21. Na4 Rxd1+ 22. Rxd1 b5 23. Nc5 Bxc5 24. Bxc5 Bxh3 25. Rd6 Nd8 26. Rxa6 Ne6 27. Ra7+ Kb8 28. Bb6 e4 29. Bxe4 f5 30. Ra8# 1-0

[Event "Titled Tuesday intern op 16th Jul Early"]
[Site "Chess.com INT"]
[Date "2024.07.16"]
[Round "1"]
[White "Sericano, Claudio"]
[Black "Chylewski, Patryk"]
[Result "0-1"]
[WhiteElo "2260"]
[BlackElo "2284"]
[PlyCount "122"]
[EventDate "2024.07.16"]
[EventType "swiss (blitz)"]
[EventRounds "11"]
[EventCountry "USA"]
[SourceTitle "EXT 2025"]
[Source "ChessBase"]
[SourceDate "2024.10.14"]
[SourceVersion "1"]
[SourceVersionDate "2024.10.14"]
[SourceQuality "1"]

1. e4 e6 2. d4 d5 3. Nd2 Nf6 4. e5 Nfd7 5. Bd3 c5 6. c3 Nc6 7. Ne2 a5 8. 0-0 a4 9. a3 Be7 10. Nf3 Na5 11. Qxa4 c4 12. Bb1 0-0 13. Qc2 g6 14. Bh6 Re8 15. Ba2 b5 16. Rae1 Nf8 17. Ng3 Nc6 18. Bb1 f6 19. exf6 Bxf6 20. Bf4 Qe7 21. Ne5 Nxe5 22. Bxe5 Bg5 23. Qe2 Qf7 24. Qg4 Bd2 25. Re2 Bh6 26. Nh5 Nd7 27. f4 Rf8 28. Rf3 Ra6 29. Ng3 Nxe5 30. fxe5 Qg7 31. Rxf8+ Kxf8 32. Qf3+ Kg8 33. Rf2 Ra7 34. Nf1 Rf7 35. Qe2 Rxf2 36. Qxf2 Qf7 37. Qe2 Qf4 38. Bc2 Bd7 39. Bd1 Be8 40. g3 Qc1 41. Kg2 g5 42. Ne3 Bg6 43. Ng4 Be4+ 44. Kh3 Bf5 45. Kg2 Bg7 46. Ne3 Be4+ 47. Kh3 Bg6 48. a4 bxa4 49. Bxa4 h5 50. Kg2 Be4+ 51. Kf2 Qh1 52. Bc2 Qxh2+ 53. Ke1 Qxg3+ 54. Kd2 Bf3 55. Qf1 g4 56. b3 cxb3 57. Bxb3 Bh6 58. c4 Qf4 59. Qf2 Qxd4+ 60. Kc2 Bxe3 61. Qh4 Be4# 0-1

[Event "Titled Tuesday intern op 16th Jul Early"]
[Site "Chess.com INT"]
[Date "2024.07.16"]
[Round "5"]
[White "Ugorek, Kacper"]
[Black "Sericano, Claudio"]
[Result "1-0"]
[WhiteElo "2250"]
[BlackElo "2260"]
[PlyCount "107"]
[EventDate "2024.07.16"]
[EventType "swiss (blitz)"]
[EventRounds "11"]
[EventCountry "USA"]
[SourceTitle "EXT 2025"]
[Source "ChessBase"]
[SourceDate "2024.10.14"]
[SourceVersion "1"]
[SourceVersionDate "2024.10.14"]
[SourceQuality "1"]

1. b3 Nf6 2. Bb2 g6 3. e3 Bg7 4. Nf3 d5 5. d4 0-0 6. Nbd2 c5 7. dxc5 Nbd7 8. b4 a5 9. a3 b6 10. c6 Nb8 11. b5 a4 12. Be2 Ne8 13. Qc1 Nd6 14. 0-0 Ra5 15. Bxg7 Kxg7 16. Qb2+ f6 17. Rfd1 e5 18. c4 dxc4 19. Nxc4 Nxc4 20. Bxc4 Qc7 21. Qb4 Bg4 22. Qd6 Qxd6 23. Rxd6 Rc8 24. h3 Bxf3 25. gxf3 Ra7 26. Rad1 Rac7 27. Rd8 f5 28. Be6 Rxd8 29. Rxd8 Nxc6 30. bxc6 Rxc6 31. Bd7 Rc3 32. Bxa4 Rxa3 33. Bc6 Rc3 34. Rd7+ Kf6 35. Bd5 h5 36. Kg2 Rd3 37. e4 Rd4 38. Rd6+ Kg5 39. Rxb6 Rd3 40. Bf7 Kf4 41. Bxg6 Rxf3 42. Bxf5 Rc3 43. Bh7 Kg5 44. Rg6+ Kh4 45. Rg3 Rc7 46. Bg6 Rg7 47. Bf5 Rc7 48. Rg8 Rc2 49. Rh8 Rc3 50. Bg6 Kg5 51. Bxh5 Rc4 52. Bf3 Rc3 53. h4+ Kf4 54. Rf8# 1-0

[Event "Titled Tuesday intern op 16th Jul Early"]
[Site "Chess.com INT"]
[Date "2024.07.16"]
[Round "2"]
[White "Wael Sabry, Mina"]
[Black "Sericano, Claudio"]
[Result "1/2-1/2"]
[WhiteElo "2045"]
[BlackElo "2260"]
[PlyCount "116"]
[EventDate "2024.07.16"]
[EventType "swiss (blitz)"]
[EventRounds "11"]
[EventCountry "USA"]
[SourceTitle "EXT 2025"]
[Source "ChessBase"]
[SourceDate "2024.10.14"]
[SourceVersion "1"]
[SourceVersionDate "2024.10.14"]
[SourceQuality "1"]

1. b3 Nf6 2. Bb2 g6 3. e3 Bg7 4. f4 0-0 5. Nf3 d5 6. Be2 c5 7. 0-0 Nc6 8. Qe1 d4 9. Na3 Nd5 10. exd4 Nxf4 11. c3 cxd4 12. Bc4 dxc3 13. Bxc3 Bf5 14. Qh4 Qd6 15. Ng5 h5 16. Nxf7 Rxf7 17. Bxf7+ Kxf7 18. Rxf4 Bxc3 19. Rxf5+ gxf5 20. Qxh5+ Kg8 21. dxc3 Qxa3 22. Qg6+ Kf8 23. Rf1 Qc5+ 24. Kh1 e6 25. Qf6+ Ke8 26. Qxe6+ Ne7 27. Re1 Rd8 28. b4 Qc7 29. h4 Rd6 30. Qe5 Rc6 31. Qxc7 Rxc7 32. Re3 Kf7 33. Rd3 Rc4 34. g3 Rc7 35. Kh2 Kf6 36. Kg2 Ke5 37. Re3+ Kd6 38. Kf3 Nd5 39. Rd3 Rxc3 40. Rxc3 Nxc3 41. Kf4 Ke6 42. h5 Nd5+ 43. Kg5 Nxb4 44. h6 Kf7 45. Kxf5 Nd5 46. g4 Ne7+ 47. Kg5 Ng6 48. a4 a6 49. Kf5 b5 50. axb5 axb5 51. g5 Nf8 52. Ke5 Kg6 53. Kd5 Nd7 54. Kd4 Kh7 55. Kc3 Nc5 56. Kb4 Ne4 57. g6+ Kxg6 58. Kxb5 Kxh6 1/2-1/2

[Event "Titled Tuesday intern op 09th Jul Early"]
[Site "Chess.com INT"]
[Date "2024.07.09"]
[Round "2"]
[White "Begunov, Konstantin"]
[Black "Sericano, Claudio"]
[Result "1/2-1/2"]
[WhiteElo "2325"]
[BlackElo "2260"]
[PlyCount "157"]
[EventDate "2024.07.09"]
[EventType "swiss (blitz)"]
[EventRounds "11"]
[EventCountry "USA"]
[SourceTitle "EXT 2025"]
[Source "ChessBase"]
[SourceDate "2024.10.14"]
[SourceVersion "1"]
[SourceVersionDate "2024.10.14"]
[SourceQuality "1"]

1. d4 d5 2. c4 c6 3. Nc3 Nf6 4. cxd5 cxd5 5. Bf4 a6 6. e3 Nc6 7. Bd3 g6 8. Nf3 Bg7 9. 0-0 0-0 10. Ne5 Nxe5 11. Bxe5 Be6 12. Qe2 Rc8 13. Rfc1 Nd7 14. Bxg7 Kxg7 15. Rc2 Nb6 16. Rac1 Qd7 17. Qe1 Bf5 18. Bxf5 Qxf5 19. b3 Rc6 20. Rd2 Rfc8 21. Rdd1 h5 22. h3 Nd7 23. Ne2 Nf6 24. Ng3 Qd7 25. Rxc6 Qxc6 26. Ne2 Ne4 27. Rc1 Qd7 28. Rxc8 Qxc8 29. Qc1 Qxc1+ 30. Nxc1 Kf6 31. f3 Nc3 32. Kf2 e5 33. h4 Nb5 34. Ne2 Ke6 35. g4 Nd6 36. dxe5 Kxe5 37. gxh5 gxh5 38. Nf4 d4 39. Nxh5 dxe3+ 40. Kxe3 Nf5+ 41. Kf2 Nxh4 42. Ng7 Ng6 43. Ne8 Nf4 44. Ke3 Nd5+ 45. Kd3 Ke6 46. Kd4 Nb4 47. a4 Nc6+ 48. Kc5 Ne5 49. Kb6 Nxf3 50. Nc7+ Kd7 51. Kxb7 a5 52. Nd5 f5 53. Kb6 Nd4 54. Kxa5 Nxb3+ 55. Kb6 Nd4 56. Nf4 Nc6 57. Nd5 Kd6 58. Nf4 Nb4 59. a5 Ke5 60. Nh5 Nd5+ 61. Kc5 f4 62. a6 Nc7 63. a7 f3 64. Ng3 f2 65. Nf1 Ke6 66. Kb6 Kd6 67. Kb7 Kd7 68. Kb8 Kc6 69. a8Q+ Nxa8 70. Kxa8 Kd5 71. Kb7 Ke4 72. Kc6 Kf3 73. Kd5 Ke2 74. Nh2 Ke1 75. Ke4 Ke2 76. Kf4 Kd2 77. Kf3 Ke1 78. Ke3 f1Q 79. Nxf1 1/2-1/2

[Event "Titled Tuesday intern op 19th Sep Early"]
[Site "Chess.com INT"]
[Date "2023.09.19"]
[Round "8"]
[White "Korol, Dimitry"]
[Black "Sericano, Claudio"]
[Result "1-0"]
[WhiteElo "2287"]
[BlackElo "2260"]
[PlyCount "83"]
[EventDate "2023.09.19"]
[EventType "swiss (blitz)"]
[EventRounds "11"]
[EventCountry "USA"]
[SourceTitle "EXT 2024"]
[Source "ChessBase"]
[SourceDate "2023.10.10"]
[SourceVersion "1"]
[SourceVersionDate "2023.10.10"]
[SourceQuality "1"]

1. d4 d5 2. c4 e6 3. Nc3 Nf6 4. Bg5 c6 5. cxd5 exd5 6. e3 Be7 7. Bd3 0-0 8. Qc2 Nbd7 9. Nge2 Re8 10. f3 Nf8 11. 0-0 g6 12. Rad1 Ne6 13. Bh4 Ng7 14. h3 Bf5 15. Bf2 Bxd3 16. Qxd3 Ne6 17. e4 Nh5 18. e5 Bg5 19. Be3 Nhf4 20. Qd2 Nxe2+ 21. Nxe2 h6 22. f4 Be7 23. f5 Ng5 24. Ng3 Qb6 25. Rf2 c5 26. h4 Ne4 27. Nxe4 dxe4 28. f6 cxd4 29. Bxd4 Bc5 30. Qxh6 Bf8 31. Qg5 Qe6 32. h5 Kh7 33. hxg6+ fxg6 34. Qh4+ Kg8 35. f7+ Qxf7 36. Rxf7 Kxf7 37. Qh7+ Bg7 38. e6+ Kxe6 39. Qxg7 Rad8 40. Qe5+ Kd7 41. Bb6+ Kc6 42. Qc5# 1-0

[Event "Titled Tuesday intern op 19th Sep Early"]
[Site "Chess.com INT"]
[Date "2023.09.19"]
[Round "11"]
[White "Sericano, Claudio"]
[Black "Hrebenshchykova, Yelyzaveta"]
[Result "0-1"]
[WhiteElo "2260"]
[BlackElo "2324"]
[PlyCount "76"]
[EventDate "2023.09.19"]
[EventType "swiss (blitz)"]
[EventRounds "11"]
[EventCountry "USA"]
[SourceTitle "EXT 2024"]
[Source "ChessBase"]
[SourceDate "2023.10.10"]
[SourceVersion "1"]
[SourceVersionDate "2023.10.10"]
[SourceQuality "1"]

1. e4 e5 2. Nf3 Nc6 3. Bb5 a6 4. Ba4 Nf6 5. 0-0 Be7 6. d4 exd4 7. Re1 b5 8. Bb3 d6 9. Bd5 Bd7 10. Nxd4 Nxd4 11. Bxa8 Qxa8 12. Qxd4 0-0 13. Nc3 c6 14. Bf4 Rd8 15. Rad1 Be6 16. a3 h6 17. h3 Qb7 18. Qe3 Re8 19. Bxd6 Bd8 20. e5 Nd5 21. Nxd5 Bxd5 22. b3 Qd7 23. Qf4 Bg5 24. Qg4 f5 25. Qd4 Qf7 26. f4 Bh4 27. Re3 Qg6 28. Rd2 Bd8 29. c4 Be4 30. Kh2 Kh7 31. Rg3 Qf7 32. Qc3 Bh4 33. Re3 g5 34. g3 gxf4 35. gxf4 Rg8 36. cxb5 Qg6 37. Qb2 Bg3+ 38. Rxg3 Qxg3# 0-1

[Event "Titled Tuesday intern op 19th Sep Early"]
[Site "Chess.com INT"]
[Date "2023.09.19"]
[Round "4"]
[White "Sericano, Claudio"]
[Black "Toczek, Grzegorz"]
[Result "0-1"]
[WhiteElo "2260"]
[BlackElo "2267"]
[PlyCount "72"]
[EventDate "2023.09.19"]
[EventType "swiss (blitz)"]
[EventRounds "11"]
[EventCountry "USA"]
[SourceTitle "EXT 2024"]
[Source "ChessBase"]
[SourceDate "2023.10.10"]
[SourceVersion "1"]
[SourceVersionDate "2023.10.10"]
[SourceQuality "1"]

1. e4 c6 2. d4 d5 3. exd5 cxd5 4. c4 Nf6 5. Nc3 g6 6. Nf3 Bg7 7. Bf4 0-0 8. c5 b6 9. Nb5 bxc5 10. Nc7 Nh5 11. Nxa8 Nxf4 12. Qb3 Nc6 13. g3 Ne6 14. Bg2 Nexd4 15. Nxd4 Nxd4 16. Qd3 Bb7 17. 0-0 Bxa8 18. Rac1 c4 19. Qd2 e6 20. h4 h5 21. Rfe1 Qb6 22. Kh2 Bc6 23. Qe3 Qxb2 24. Rcd1 Ba4 25. Rd2 Qb6 26. Qa3 Nc2 27. Qxa4 Nxe1 28. Qd1 Nd3 29. Rxd3 cxd3 30. Qxd3 Qd4 31. Qa3 Qxf2 32. Qe7 Be5 33. Qg5 Bxg3+ 34. Qxg3 Qxg3+ 35. Kxg3 Rb8 36. Bf3 Kf8 0-1